[Event "80th Tata Steel Challengers 2018"]
[Site "Wijk aan Zee"]
[Date "2018.01.16"]
[Round "4"]
[White "Van Foreest, Lucas"]
[Black "Amin, Bassem"]
[Result "1-0"]
[WhiteElo "2481"]
[BlackElo "2693"]
[Annotator "TA"]
[PlyCount "91"]
[EventDate "2018.??.??"]
[EventType "tourn"]
[EventCountry "NED"]
[SourceTitle "playchess.com"]
[Source "ChessBase"]
[SourceQuality "1"]

{[%evp 20,91,5,12,52,46,42,0,-9,-2,34,-30,-8,-10,39,37,35,29,39,0,0,0,0,0,0,0,0,0,29,20,34,32,31,34,246,187,146,-75,-76,-91,-58,-164,-12,-12,-7,-76,-72,-139,-20,-21,57,54,52,49,62,51,78,76,75,70,83,82,139,140,139,137,748,748,705,704,29987,29988,29982,29983]} 1. e4 e5 2. Nf3 Nc6 3. Bc4 Nf6 4. Ng5 d5 5. exd5 Na5 6. Bb5+ c6 7. dxc6 bxc6 8. Qf3 Be7 {C58: Two Knights: 4 Ng5 d5 5 exd5 Na5 sidelines} 9. Bd3 O-O (9... h6 10. Ne4 Nd5 11. Ng3 g6 12. O-O f5 13. Re1 Bf6 14. Bf1 O-O 15. d4 e4 16. Qd1 {½-½ (44) Pourramezanali,A (2505)-Wen,Y (2617) Bandar e Anzali 2017}) 10. Nc3 h6 11. Nge4 {LiveBook: 3 Games} Nxe4 12. Qxe4 $146 {[%csl Gd3][%cal Re4h7]} ({Predecessor:} 12. Bxe4 Qd7 13. g4 Qxg4 14. Qxg4 Bxg4 15. Rg1 f5 16. d3 {1-0 (44) Paveto,K (2424)-Della Morte,G (2421) Buenos Aires 2015}) 12... f5 $1 {[%cal Rf5e4]} 13. Qxe5 (13. Qe2 $14) 13... Bd6 $1 $11 {[%cal Rd6e5]} 14. Qd4 $1 Bb7 $1 {And now ...c5 would win.} 15. b4 (15. Be2 $14) 15... c5 16. bxc5 Qe8+ 17. Kf1 Be5 $1 {[%cal Re5d4]} 18. Qb4 (18. Bc4+ $2 Kh7 $19) 18... Qd8 19. c6 Bxc6 {Strongly threatening ...Rb8.} 20. Ba3 Qg5 21. f3 $1 Qxd2 22. Bb2 Rab8 23. Qc5 $1 {[%cal Rc5e5]} (23. Qxa5 $2 Bd4 $19) 23... Rfe8 24. Rd1 Qg5 25. Bc1 Qh4 {Hoping for ...Bd4.} 26. Ne2 $1 (26. Qxa5 $2 Bd4 $19) 26... Qh5 $2 (26... Qa4 $1 $14) 27. Qxa5 Bxf3 28. Qd2 $2 ({Stronger than} 28. gxf3 Qxf3+ 29. Kg1 Bd4+ 30. Nxd4 Qxd1+ 31. Kg2 Qg4+ 32. Kf1 Qxd4 $11) ({Don't do} 28. Qxa7 $6 Bxe2+ 29. Bxe2 Qxe2+ 30. Kxe2 Bd4+ 31. Kf3 Bxa7 $14) (28. Re1 $16 {and life is bright.}) 28... f4 $1 $17 {[%cal Bf5f4,Bf4f3][%mdl 32]} 29. Bc4+ Kh8 30. Bd5 (30. Qd3 $1 $15 Bg4 31. Bd5) 30... Bxd5 $2 ({Better is} 30... Bg4 $19 31. Qd3 Rbd8) 31. Qxd5 $11 {Black must now prevent Qf3.} f3 $1 {[%cal Rf3e2]} 32. Ng3 {[#]} (32. Qxf3 $11 {remains equal.} Rf8 33. Nf4 Qxf3+ 34. gxf3 Bxf4 35. Kg2) 32... Qh4 $1 $17 33. Kf2 ({White should play} 33. Qe4 Bxg3 34. Qxh4 Bxh4 35. g3) 33... Rbd8 ({Black should try} 33... Rbc8 $17 34. c4 Rxc4 35. gxf3 Rc2+ 36. Bd2 Bf4) 34. Qxf3 $11 Rf8 (34... Rc8 $11 35. Kf1 Rf8) 35. Rxd8 $14 Qxd8 36. Nf5 g6 37. Rd1 Qc7 38. Kg1 {aiming for Qh3.} Rxf5 39. Qe3 Bg7 $1 40. Bb2 $36 {[%mdl 2048] Keeping Black busy.} Rh5 (40... Kh7 $142 41. Bxg7 Kxg7) 41. h3 $16 {Qe8+ is the strong threat.} Kh7 ({Wrong is} 41... Bxb2 $2 42. Qe8+ Kg7 43. Rd7+ Qxd7 44. Qxd7+ Kg8 45. Qxa7 $18) 42. Bxg7 Kxg7 $4 {[%mdl 8192] [#]} (42... Qxg7 $16 43. c4 Re5) 43. Qe8 $1 $18 Qc5+ 44. Kh1 {Threatening mate with Rd7+.} Re5 45. Rd7+ Kf6 46. Rf7+ {Precision: White = 46%, Black = 49%.} 1-0

[Event "80th Tata Steel Challengers 2018"]
[Site "Wijk aan Zee"]
[Date "2018.01.17"]
[Round "5"]
[White "Amin, Bassem"]
[Black "Gordievsky, Dmitry"]
[Result "1-0"]
[WhiteElo "2693"]
[BlackElo "2622"]
[Annotator "TA"]
[PlyCount "53"]
[EventDate "2018.??.??"]
[EventType "tourn"]
[EventCountry "NED"]
[SourceTitle "playchess.com"]
[Source "ChessBase"]
[SourceQuality "1"]

{[%evp 13,53,43,56,26,36,32,52,51,200,191,207,198,219,206,214,227,237,91,149,138,245,241,257,231,316,314,564,520,507,515,853,816,1175,1170,1379,1329,29990,29991,29996,29997,29997,29997]} 1. e4 {[%cal Be2e4,Be4e5][%mdl 32]} c5 2. Nf3 Nf6 3. e5 Nd5 4. Nc3 Nxc3 5. dxc3 Nc6 6. Bc4 e6 7. Bf4 Qb6 {LiveBook: 10 Partien. B29: Sizilianisch (Rubinstein-Variante)} 8. Nd2 $146 ({Vorgänger:} 8. b3 Qc7 9. Qe2 h6 10. O-O-O a6 11. Bd3 b5 12. c4 Nb4 13. Be4 Rb8 14. c3 Nc6 15. h4 {1-0 (44) Savchenko,B (2581)-Rakhmanov,A (2669) Sochi 2017}) 8... Qxb2 9. Ne4 Qb6 {Weiß steht etwas besser.} 10. Qg4 {zielt auf Sd6+ ab.} Na5 (10... Qa5 $1 $14) 11. Be2 $18 Qb2 12. O-O {[#] Sd6+ ist eine echte Drohung.} Qxc2 13. Qf3 Qa4 14. Rab1 {[%mdl 1024] Weiss hat starke Kompensation.} a6 15. Rfd1 (15. Bg5 $18 {und Weiss behält klar die Oberhand.} h6 16. Bh4) 15... h6 (15... Nc6 $142) 16. Bg3 $36 {[%cal Bf4g3,Bg3h4,Bh4d8][%mdl 2080] Schwarz steht unter starkem Druck.} Nc6 (16... c4 $16 {war nötig.}) 17. Qf4 $18 b5 18. Bh5 Nd8 19. Bh4 Bb7 $2 (19... Ra7 20. Nf6+ gxf6 21. Qxf6 Qxh4 22. Qxh4 Bb7) 20. Bxd8 $1 Kxd8 21. Qxf7 {[%csl Gd1][%cal Rf7d7]} Bc6 (21... b4 $142 22. Bf3 Kc7 23. cxb4 Bxe4 24. Bxe4 Rd8) 22. Bf3 {Und Sf6 würde nun gewinnen.} Kc7 {[#]} 23. Ng5 $1 {[%mdl 512]} Kb6 (23... hxg5 24. Bxc6) 24. Bxc6 Ra7 25. Rxd7 {Weiß setzt Matt.} Qxa2 26. Rb7+ Rxb7 27. Qxb7+ {Precision: Weiß = 73%, Schwarz = 26%.} 1-0

[Event "80th Tata Steel Challengers 2018"]
[Site "Wijk aan Zee"]
[Date "2018.01.17"]
[Round "5"]
[White "Krasenkow, Michal"]
[Black "Bluebaum, Matthias"]
[Result "1/2-1/2"]
[WhiteElo "2671"]
[BlackElo "2640"]
[Annotator "TA"]
[PlyCount "186"]
[EventDate "2018.??.??"]
[EventType "tourn"]
[EventCountry "NED"]
[SourceTitle "playchess.com"]
[Source "ChessBase"]
[SourceQuality "1"]

{[%evp 11,186,15,20,8,4,13,20,8,10,0,8,-17,0,0,0,0,3,-7,1,0,17,18,22,12,16,16,27,33,33,33,40,42,54,52,61,44,82,58,75,14,14,17,36,34,47,53,172,169,167,166,160,168,160,166,158,172,238,238,238,236,232,221,201,220,219,128,128,122,145,111,118,22,35,28,44,44,44,50,264,0,0,0,0,0,41,47,47,5,21,29,29,29,41,0,0,0,0,0,0,0,0,0,0,0,0,0,0,0,0,0,0,0,0,0,0,0,0,0,0,0,0,0,0,0,0,0,0,0,0,0,0,0,0,0,0,0,0,0,0,0,0,0,0,0,0,0,0,0,0,0,0,0,14,14,14,14,14,8,8,8,8,8,8,0,8,0,8,8,8,8,8,8,14,8,8,8,8]} 1. d4 Nf6 2. c4 e6 3. Nf3 d5 4. Nc3 Bb4 5. Qa4+ Nc6 6. e3 O-O 7. Qc2 {D38: Queen's Gambit Declined: Ragozin Defence (4 Nf3 Bb4)} (7. a3 Bxc3+ 8. bxc3 Bd7 9. Qc2 Na5 10. cxd5 exd5 11. Bd3 Re8 12. O-O c5 13. dxc5 Rc8 14. a4 Rxc5 {1-0 (39) Yu,Y (2751)-Harikrishna,P (2744) Huaian 2017}) 7... Ne7 8. a3 Bxc3+ $1 9. Qxc3 b6 10. b3 Bb7 11. Be2 dxc4 12. bxc4 c5 13. O-O Rc8 {[#]} 14. Rd1 $146 ({Find the theoretical novelty and annotate with similar games:} 14. Bb2 cxd4 15. Nxd4 {1-0 (34) Babula,V (2559)-Georgiadis,N (2472) Reykjavik 2015}) 14... Qc7 15. Bb2 cxd4 16. Nxd4 Qc5 17. a4 Qg5 {[%csl Gb7][%cal Rg5g2]} 18. Nf3 Bxf3 19. Bxf3 Nc6 20. Rac1 Na5 21. Qb4 Rc5 $1 22. Bd4 Rf5 23. Bxf6 gxf6 24. h4 Qg7 $1 25. Kf1 (25. Kh1 $16 Rc5 26. Rd7) 25... Rc5 $1 $11 26. Rd7 f5 27. g3 $36 {[%mdl 2048] White has good play.} Rfc8 {[%cal Ra5c4]} 28. Rcd1 Qf6 (28... Qe5 $1 $14) 29. Rxa7 $18 Nxc4 30. Bh5 Ne5 31. Qxb6 Rc2 32. Qb7 Rf8 33. Qb3 Rc5 (33... Rfc8 $142) 34. Qb2 Kg7 35. a5 f4 36. exf4 Nc6 37. Qb6 Qc3 {[#]} 38. Rxf7+ $1 Rxf7 39. Bxf7 Kxf7 40. Rd7+ Kf6 {[#]} 41. a6 ({Reject} 41. Rxh7 $6 Qd3+ 42. Kg2 Qd5+ 43. Kh3 (43. Kh2 Nd4 $11) 43... Qf5+ 44. Kh2 Qc2 $11) (41. Qb7 $1 $16 {[%cal Rb7c8] Threatens to win with Qc8.} Rxa5 42. Kg2 (42. Rxh7 Ra7 $14)) 41... Qc4+ $11 42. Kg1 {[%mdl 1024] White has compensation.} Rb5 43. Qe3 Rb3 44. Qe1 Qc2 $2 ({Better is} 44... Ra3 $1 $14) 45. Rd1 $2 ({Only move:} 45. Kg2 $18) 45... Qc5 {Strongly threatening ...Rxg3+.} 46. Rc1 Qd5 47. Ra1 {aiming for a7.} Qd4 48. Kg2 {Black must now prevent a7!} Rb2 $1 49. Ra3 {a7! is the strong threat.} (49. a7 $5 Rxf2+ 50. Qxf2 Qxa1 51. Qc5 Qxa7 52. Qxc6 $16) 49... Qc5 50. Qc3+ Qxc3 51. Rxc3 {[%mdl 4096] Endgame KRN-KR} Rb6 52. a7 (52. Ra3 $5 {[%cal Ra6a7]}) 52... Nxa7 {The position is equal.} 53. Rc7 Nc6 54. Rxh7 Ne7 55. h5 {Hoping for g4.} Nd5 56. Rh6+ Kf7 (56... Kg7 $5 57. Rg6+ $8 Kf7 $11) 57. Rh7+ Kf6 58. Kf3 Rb3+ 59. Kg4 Rb5 60. Ra7 Rb2 61. Kf3 Rb3+ 62. Kg2 Rb5 63. h6 Kg6 64. h7 Rb8 65. Kf3 Nf6 66. Re7 Rb3+ 67. Kg2 Nxh7 68. Rxe6+ Nf6 69. Re3 Rb2 70. Kf3 Ra2 71. Rb3 Rc2 72. Rb6 Rc3+ 73. Ke2 Kf7 74. Rb5 Kg6 75. f3 Nh5 76. Rg5+ Kh6 77. Kf2 Ra3 78. Kg2 Ra4 79. Rf5 Kg6 80. Rg5+ Kh6 81. Rg8 (81. Rb5 {NOTEXT} Kg6 82. f5+ Kg5 83. f6+ Kg6 84. f7) 81... Nxf4+ 82. gxf4 Rxf4 {KR-KR} 83. Kg3 Rf6 84. Rg4 Rf7 85. Kf2 Ra7 86. Rg8 Kh7 87. Rg4 Kh6 88. Rg8 Kh7 89. Rg5 Kh6 90. Rg4 Ra2+ 91. Kg3 Ra1 92. Kf4 Ra4+ 93. Kf5 Ra5+ {Precision: White = 66%, Black = 76%.} 1/2-1/2

[Event "80th Tata Steel Challengers 2018"]
[Site "Wijk aan Zee"]
[Date "2018.01.17"]
[Round "5"]
[White "L'Ami, Erwin"]
[Black "Vidit, Santosh Gujrathi"]
[Result "1/2-1/2"]
[WhiteElo "2634"]
[BlackElo "2718"]
[Annotator "TA"]
[PlyCount "36"]
[EventDate "2018.??.??"]
[EventType "tourn"]
[EventCountry "NED"]
[SourceTitle "playchess.com"]
[Source "ChessBase"]
[SourceQuality "1"]

{[%evp 29,36,0,0,0,0,0,0,0,0]} 1. d4 Nf6 2. c4 e6 3. Nf3 d5 4. Nc3 Bb4 5. Bg5 h6 6. Bxf6 Qxf6 7. e3 O-O 8. Rc1 dxc4 9. Bxc4 c5 10. O-O cxd4 11. Nxd4 Bd7 {[%cal Bc8d7,Bd7c6,Bc6d5][%mdl 32] D38: Damengambit (Ragosin-Verteidigung)} 12. Qb3 (12. Ne4 Qe7 13. Bd3 Nc6 14. Nb3 Na5 15. Rc7 Rfd8 16. Nxa5 Bxa5 17. Rxb7 Qf8 18. Qh5 Bb6 19. Ng5 {½-½ (28) Radjabov,T (2710)-Harikrishna,P (2755) Shamkir 2017}) 12... Nc6 13. Nxc6 Bxc3 14. Rxc3 Bxc6 15. Bb5 Bd5 {LiveBook: 23 Partien. Die Stellung ist ausgeglichen.} 16. Bc4 {[#]} Bc6 $146 17. Bb5 Bd5 18. Bc4 Bc6 1/2-1/2

[Event "80th Tata Steel Challengers 2018"]
[Site "Wijk aan Zee"]
[Date "2018.01.17"]
[Round "5"]
[White "Van Foreest, Jorden"]
[Black "Korobov, Anton"]
[Result "0-1"]
[WhiteElo "2629"]
[BlackElo "2652"]
[Annotator "TA"]
[PlyCount "86"]
[EventDate "2018.??.??"]
[EventType "tourn"]
[EventCountry "NED"]
[SourceTitle "playchess.com"]
[Source "ChessBase"]
[SourceQuality "1"]

{[%evp 16,86,26,9,16,4,14,0,0,0,5,-31,-30,-30,-30,-29,-29,-29,-30,-37,-27,-30,-20,-106,-94,-102,-107,-120,-138,-166,-154,-186,-177,-177,-172,-202,-170,-169,-152,-168,-172,-143,-167,-142,-141,-236,-195,-195,-183,-218,-212,-218,-213,-226,-232,-256,-264,-271,-267,-263,-219,-301,-289,-364,-354,-426,-372,-548,-285,-301,-278,-397,-322]} 1. e4 e5 2. Nf3 Nc6 3. Bb5 a6 4. Ba4 Nf6 5. d3 d6 6. c3 g6 7. h3 Bg7 {C77: Ruy Lopez: 3...a6 4 Ba4 Nf6, unusual lines} 8. Be3 O-O 9. O-O {LiveBook: 19 Games} Ne7 $146 {The position is equal.} ({Predecessor:} 9... Qe7 10. Nbd2 Nd8 11. Re1 Ne6 12. Ng5 Bd7 13. Bxd7 Nxd7 14. Nxe6 Qxe6 15. Qb3 Qxb3 16. axb3 f5 17. f3 Nf6 18. b4 Rfe8 19. Nb3 c6 20. g4 {½-½ (20) Alekseev,E (2616)-Ivanchuk,V (2726) Riadh 2017}) 10. Nbd2 c5 {[%cal Bc7c5,Bc5c4][%mdl 32]} 11. d4 exd4 12. cxd4 b5 {And now ...cxd4 would win.} 13. Bb3 c4 14. Bc2 d5 15. e5 Ne8 16. Re1 Bf5 17. Nf1 Bxc2 18. Qxc2 Nf5 19. Bg5 (19. Qd2 $11 {keeps the balance.}) 19... Nxd4 $1 $17 20. Nxd4 Qxg5 21. Rad1 Nc7 22. Nc6 Ne6 23. g3 Rfe8 24. h4 Qh5 $1 25. f4 Bf8 {Hoping for ...Rac8.} 26. Ne3 Qf3 27. Qg2 Qxg2+ 28. Kxg2 Rec8 $36 {[%mdl 2048] Black is in control.} 29. Nd4 Bc5 30. Nf3 (30. Nec2 $17) 30... d4 31. Nd5 h5 32. b4 {[#]} Ba7 $1 33. Ne7+ {[#]} Kf8 $1 {[%cal Rf8e7]} 34. Nxc8 Rxc8 35. Nd2 d3 36. Ne4 Nd4 37. Rd2 Ke7 38. Rc1 Rd8 39. Rc3 Nc6 40. Ra3 a5 41. Nd6 (41. Rd1 {was necessary.} Bd4 42. Rb1) 41... Rb8 42. bxa5 {If White can now play Rc3 this consolidates a bit.} Bc5 43. Rc3 (43. Raxd3 $142 cxd3 44. Rxd3) 43... Bb4 {Precision: White = 43%, Black = 89%.} 0-1

[Event "80th Tata Steel Challengers 2018"]
[Site "Wijk aan Zee"]
[Date "2018.01.17"]
[Round "5"]
[White "Tari, Aryan"]
[Black "Xiong, Jeffery"]
[Result "1-0"]
[WhiteElo "2599"]
[BlackElo "2634"]
[Annotator "TA"]
[PlyCount "85"]
[EventDate "2018.??.??"]
[EventType "tourn"]
[EventCountry "NED"]
[SourceTitle "playchess.com"]
[Source "ChessBase"]
[SourceQuality "1"]

{[%evp 22,85,-6,-4,1,22,13,0,39,14,28,27,56,46,63,52,72,68,70,42,172,154,175,139,175,168,203,210,215,154,252,254,252,239,256,258,260,269,249,260,256,257,264,252,247,168,168,168,254,254,256,258,284,276,1414,247,516,529,516,502,683,288,289,287,406,403]} 1. e4 c5 2. Nf3 d6 3. d4 cxd4 4. Nxd4 Nf6 5. Nc3 a6 6. h3 e5 7. Nde2 h5 {B90: Sicilian Najdorf: Unusual White 6th moves, 6 Be3 Ng4 and 6 Be3 e5} 8. g3 Be6 (8... Nbd7 9. Bg2 b5 10. Nd5 Nxd5 11. Qxd5 Qc7 12. Be3 Bb7 13. Qd2 Rc8 14. Nc3 Nb6 15. Bxb6 Qxb6 {½-½ (33) Nakamura,H (2792)-Vachier Lagrave,M (2791) Saint Louis 2017}) 9. Bg2 b5 10. O-O Nbd7 11. a4 b4 12. Nd5 {LiveBook: 3 Games} Nxd5 13. exd5 Bf5 14. Bd2 a5 {[#]} 15. b3 $146 ({Predecessor:} 15. c3 bxc3 16. Nxc3 {½-½ (69) Kovalev,V (2599)-Kovalyov,A (2617) Baku 2016}) 15... Be7 16. c3 Nf6 17. cxb4 axb4 18. Bxb4 Qd7 19. Kh2 Rb8 20. Be1 Kf8 (20... O-O $14) 21. Rc1 $18 Kg8 {and if ...h4 works, Black does fine.} 22. Nc3 Kh7 23. Nb5 Rhc8 {intending ...Rxc1.} 24. Rc6 Bg6 25. Bb4 {[%cal Rb4d6]} Ne4 (25... e4 $16 26. Rxc8 (26. Bxd6 Rxb5 27. axb5 Bxd6 $15) 26... Rxc8) 26. Bxe4 Bxe4 27. Nxd6 ({Don't take} 27. Qxh5+ $6 Kg8 $16) 27... Bxd6 28. Bxd6 Ra8 29. Qxh5+ Kg8 30. Bxe5 Rxc6 31. dxc6 $40 {[%mdl 128] White is out for blood.} Qxc6 32. Qg4 {[%csl Ge5][%cal Rg4g7] [#]} Bg6 33. Qd4 f6 34. Bf4 Kh7 (34... Qe6 $142 35. b4 Rxa4) 35. Rc1 Qf3 36. Rc3 Qe2 37. Be3 Ra5 $2 {[#]} (37... Qf3) 38. Qd2 $2 (38. Rc7 {White wants to mate with Qxf6.} Bf7 39. Rxf7) 38... Qh5 $2 (38... Qxd2 {is a better defense.} 39. Bxd2 Rd5) 39. Rc4 Rd5 40. Qb4 Qd1 41. Rh4+ (41. Qf8 $142) 41... Rh5 42. Qg4 Qxg4 (42... Qd5 {was worth a try.} 43. Qc4 Qxc4 44. Rxc4 Bf7) 43. hxg4 {Precision: White = 69%, Black = 25%.} ({Less strong is} 43. Rxg4 Bf5 $18) 1-0

[Event "80th Tata Steel Challengers 2018"]
[Site "Wijk aan Zee"]
[Date "2018.01.17"]
[Round "5"]
[White "Harika, Dronavalli"]
[Black "Van Foreest, Lucas"]
[Result "1/2-1/2"]
[WhiteElo "2497"]
[BlackElo "2481"]
[Annotator "TA"]
[PlyCount "128"]
[EventDate "2018.??.??"]
[EventType "tourn"]
[EventCountry "NED"]
[SourceTitle "playchess.com"]
[Source "ChessBase"]
[SourceQuality "1"]

{[%evp 19,128,0,0,7,2,6,5,0,8,0,10,15,5,7,24,4,85,20,13,12,12,12,12,12,16,12,10,7,10,10,12,10,14,9,18,10,6,4,3,0,3,0,0,0,0,0,4,0,0,0,0,0,0,0,0,0,0,0,0,0,0,0,0,0,0,0,0,0,0,0,0,0,0,0,0,0,0,0,0,0,0,0,0,0,0,0,0,0,0,0,0,0,0,0,0,0,0,0,0,0,0,0,0,0,0,0,0,0,0,0,7]} 1. c4 Nf6 2. g3 e6 3. Bg2 d5 4. Nf3 dxc4 5. Qa4+ Bd7 6. Qxc4 {A13: English Opening: 1...e6} c5 7. Ne5 Qc8 8. b3 (8. Qd3 Nc6 9. Nxd7 Nxd7 10. Qb3 Be7 11. Nc3 O-O 12. O-O Rd8 13. d3 Nb6 {½-½ (31) Aronian,L (2799)-Ding,L (2777) Tbilisi 2017}) 8... Nc6 9. Nxd7 Qxd7 10. Bb2 Be7 {LiveBook: 11 Games} 11. O-O O-O 12. Rd1 Rac8 13. Nc3 {[#]} Rfd8 $146 ({Find the theoretical novelty and annotate with similar games:} 13... b6 14. Rac1 Rfd8 15. Qa4 h6 16. d3 Kf8 17. Rd2 Kg8 18. Rdd1 Kf8 19. Rd2 Kg8 20. Rdd1 {½-½ (20) Blomqvist,E (2515)-Movsesian,S (2660) Teplice 2016}) 14. Ne4 Nxe4 15. Qxe4 b6 16. Rac1 Bg5 17. h4 Bh6 (17... Be7 $11 {remains equal.}) 18. Bc3 (18. e3 $16) 18... g6 {The position is equal.} 19. e3 Bg7 20. Bxg7 Kxg7 21. d4 Ne7 22. Bf3 {Hoping for dxc5.} cxd4 23. Rxc8 Qxc8 24. Rxd4 Rxd4 25. Qxd4+ Kg8 26. h5 Qc7 27. Qf6 Nf5 28. Kg2 Ng7 29. hxg6 hxg6 30. Be4 Ne8 31. Qd4 Nd6 32. Bf3 Nf5 33. Qd2 Qe5 34. a4 Kg7 35. Qd3 Qc5 36. Qd2 a5 37. Qb2+ Kf8 38. Qf6 Ke8 39. Qh8+ Ke7 40. Qb8 Qd6 41. Qc8 Qb4 42. Qc7+ Kf6 43. Qd8+ (43. Qb8 {NOTEXT} Qc5 44. Qd8+ Kg7 45. g4 Ne7 46. Qd3) 43... Kg7 44. Qd3 Qc5 45. Qd2 Nd6 46. Qd3 Kf6 47. Qd2 Ke7 48. Qd3 Ne8 49. Qe4 Nf6 50. Qb7+ Kf8 51. Qb8+ Kg7 52. Qd8 Qb4 53. Qd3 Ne8 54. Kf1 Kf8 55. Qc2 Nf6 56. Kg2 Qd6 57. Qc8+ Kg7 58. Qc3 Qd8 59. b4 axb4 60. Qxb4 Kg8 61. Qc3 Nd7 62. Kg1 Nc5 63. a5 {[#] Qb4 is the strong threat.} Qc7 64. axb6 Qxb6 {Precision: White = 80%, Black = 83%.} 1/2-1/2

[Event "80th Tata Steel Challengers 2018"]
[Site "Wijk aan Zee"]
[Date "2018.01.17"]
[Round "5"]
[White "Girya, Olga"]
[Black "Bok, Benjamin"]
[Result "1/2-1/2"]
[WhiteElo "2489"]
[BlackElo "2607"]
[Annotator "TA"]
[PlyCount "224"]
[EventDate "2018.??.??"]
[EventType "tourn"]
[EventCountry "NED"]
[SourceTitle "playchess.com"]
[Source "ChessBase"]
[SourceQuality "1"]

{[%evp 9,224,-16,0,0,-13,-9,-2,-18,-14,-7,-4,-2,-7,-33,-22,-49,-34,-47,-38,-42,-44,-59,-40,-71,-34,-12,-17,-29,0,0,4,2,8,17,50,44,65,64,62,61,63,30,25,-11,-11,-145,-129,-142,-76,-114,-133,-146,0,-92,-90,-109,-54,-83,-93,-93,-82,-170,-152,-152,-117,-131,-132,-126,-127,-118,-112,-147,-139,-157,-154,-166,-163,-162,-147,-155,-139,-163,-162,-161,-154,-156,-161,-173,-195,-164,-75,-75,0,-162,0,-75,-75,-75,-75,-75,-8,-8,-8,-26,-26,-75,-75,-75,-75,-79,-4,-4,-4,-4,-4,-4,-4,-4,-4,-4,-4,-4,-4,-4,-4,-4,-4,-4,-4,-4,-4,-4,-4,-4,-4,-4,-4,-4,-3,-4,-4,-4,-4,-4,0,-4,-4,-4,0,-4,-4,-4,-4,-4,-4,-4,-4,-4,-4,-4,-4,-4,-4,-4,-4,-4,-4,-4,-4,-4,-4,-4,-4,-4,-4,-4,-4,-4,0,-4,0,-4,-4,-4,-4,-8,0,0,0,0,0,0,0,0,0,0,0,-8,0,0,0,0,0,0,0,0,0,-8,-8,-8,0,-8,0,-8,0,-8,0]} 1. d4 d6 2. e4 Nf6 3. Nc3 g6 4. Bf4 Nbd7 5. e5 $146 ({Vorgänger:} 5. Nf3 Bg7 6. Qd2 O-O 7. h4 c5 8. Bg5 h5 9. O-O-O a6 10. Kb1 Qc7 11. dxc5 Qxc5 12. Nd4 b5 13. Be2 Nb6 14. Nd5 Nbxd5 15. exd5 {½-½ (26) Sethuraman,S (2640)-Radovanovic,N (2396) Kragujevac 2016}) 5... Nh5 6. Be3 {B07: Pirc-Ufimzew-Verteidigung} dxe5 7. dxe5 Nxe5 8. Qxd8+ Kxd8 9. O-O-O+ Bd7 10. Be2 f6 11. g4 Ng7 12. f4 Nf7 13. Nf3 Nd6 14. h3 c6 15. Rd2 Kc7 16. Rhd1 Nge8 17. Ne4 Bc8 18. Nf2 b6 19. c4 c5 20. b4 $1 {[%cal Rb4c5]} Nb7 21. bxc5 Nxc5 22. Nd4 {Sb5+ ist eine echte Drohung.} Nd6 23. Nb5+ Nxb5 $1 24. cxb5 a6 25. Bf3 Ra7 $1 26. f5 (26. Ne4 {looks sharper.} axb5 27. Rc2 e6 28. Bd4 Kb8 29. Nxf6 Bd6 30. Nd5) 26... gxf5 27. gxf5 (27. Nd3 $1 $11 e5 28. Rc2) 27... Bxf5 $17 28. Ng4 {Und weiter mit Sxf6! wäre nett.} Bxg4 ({Besser ist} 28... axb5 {Droht ...Ta4 und aus.} 29. Bf4+ e5 30. Nxe5 Bh6 $1 {[%mdl 512]} 31. Nd3+ Bxf4 32. Nxf4 Rc8 33. Nd5+ Kb8) 29. Bxg4 axb5 30. Kb1 e6 (30... h5 $17 31. Bxc5 bxc5) 31. Bxc5 (31. Rd8 $11 {bleibt in der Remisbreite.}) 31... bxc5 32. Rd8 Kb6 (32... f5 $17 33. Be2 Ra3 34. Bxb5 Bg7 35. R8d7+ Kb6) 33. Bxe6 Bg7 34. R8d6+ Ka5 35. Bf5 (35. Bd7 $17) 35... Re8 $19 36. R6d3 Bf8 37. Ra3+ Kb6 38. Rxa7 Kxa7 39. Bxh7 $17 {[%mdl 4096] Endspiel KTL-KTL} c4 40. h4 Kb6 41. Rf1 Ka5 42. Rxf6 {[#]} Re1+ $1 43. Kc2 Ba3 44. h5 Ra1 45. h6 Rxa2+ 46. Kd1 Rh2 47. Be4 Bb2 48. Rd6 {[#]} Rh4 $1 {[%cal Rh4e4]} 49. Bf5 Rh5 (49... b4 $19 {bietet bessere Gewinnchancen.} 50. Rd5+ Kb6) 50. Be4 Rh4 (50... Bh8 $17) 51. Bf5 $1 $19 Rh5 (51... b4 $19 52. h7 b3) 52. Be4 $1 $17 Re5 53. Bc6 Rc5 54. h7 Kb4 ({Günstiger ist} 54... Rh5 $17) 55. Kc2 $11 Bc3 56. Rh6 Bh8 57. Rd6 Rh5 {zielt auf ...Kc5 ab.} 58. Rd5 Rh2+ ({Ein No Go ist} 58... Rxh7 59. Rxb5+ Ka3 60. Ra5+ Kb4 61. Rb5+ Ka3 62. Ra5+ Kb4 63. Rb5+ $11) 59. Kd1 c3 (59... Rxh7 $17 60. Rxb5+ Kc3) 60. Rxb5+ {Die Stellung ist ausgeglichen.} Kc4 61. Rg5 Rxh7 62. Kc2 Bd4 63. Be4 $132 {[%mdl 2048] Weiss has counterplay} Rh8 64. Bd3+ Kb4 {Und ...Th2+ würde nun gewinnen.} 65. Be4 Rf8 66. Kd3 Bh8 67. Rg2 Rf1 68. Kc2 Bd4 69. Re2 Kc5 70. Rg2 Ra1 71. Re2 Be5 72. Bg6 Bf6 73. Bf5 Kd4 74. Re4+ Kd5 {Weiss muss nun ...Ta2+ beachten.} 75. Re2 Bd4 76. Bg6 Kc5 77. Bf5 Rf1 78. Bd3 Ra1 79. Bf5 Ra3 80. Bg6 Bg7 81. Bf5 Ra7 82. Bg6 Kc4 83. Bd3+ Kd4 84. Re4+ Kc5 85. Re2 Ra2+ 86. Kb1 Ra8 87. Kc2 Rb8 88. Bg6 Kc4 89. Bd3+ Kd4 {( -> ...Tb2+)} 90. Re4+ Kc5 {Droht stark ...Tb2+.} 91. Re2 Rb2+ 92. Kd1 Rb3 93. Kc2 Ra3 94. Bg6 Bh6 95. Kd3 Ra6 96. Bh7 Kb4 97. Bg8 Bd2 98. Re4+ Ka3 99. Kc2 Rb6 100. Rc4 Rb2+ 101. Kd3 Rb8 102. Bh7 $1 Kb2 103. Bg6 Rb6 104. Bf5 Rf6 105. Rc5 Rf8 106. Ke2 Re8+ 107. Kf3 Be3 108. Rc6 Rf8 109. Kg4 Bf2 110. Rc7 Rf6 111. Rc8 Be3 112. Rc7 Rf8 {Precision: Weiß = 68%, Schwarz = 58%.} 1/2-1/2